Women in unorganised sector : (Record no. 51039)

MARC details
000 -LEADER
fixed length control field 02628nam a22003497a 4500
005 - DATE AND TIME OF LATEST TRANSACTION
control field 20110314103254.0
010 ## - LCCN (DPL NO)
LC control number ENG-102116 B-456487-494
020 ## - INTERNATIONAL STANDARD BOOK NUMBER
International Standard Book Number 9788184840742
Terms of availability 980.00
035 ## - SYSTEM CONTROL NUMBER
System control number EN-85649 B-456487-494
037 ## - SOURCE OF ACQUISITION
Source of stock number/acquisition DBAD / PUB
037 ## - SOURCE OF ACQUISITION
Source of stock number/acquisition Allied Pub/Ven
082 ## - DEWEY DECIMAL CLASSIFICATION NUMBER
Classification number 344.54014
245 ## - TITLE STATEMENT
Title Women in unorganised sector :
Statement of responsibility, etc edited by K. Uma Devi , V. Sowbhagya Rani [and] G. Indira Priyadarsini
Remainder of title quest for social justice /
260 ## - PUBLICATION, DISTRIBUTION, ETC. (IMPRINT)
Place of publication, distribution, etc New Delhi
Name of publisher, distributor, etc Regal Publications
Date of publication, distribution, etc 2010
270 ## - ADDRESS
Address F-159, Rajouri Garden
City New Delhi
Postal code 110 027
Telephone number 011-45546396
Electronic mail address regalbookspub@yahoo.com
300 ## - PHYSICAL DESCRIPTION
Extent xiv, 244 p.
Dimensions 24 cm (Hb)
500 ## - GENERAL NOTE
General note includes bibliographical references and index
700 ## - ADDED ENTRY--PERSONAL NAME
Personal name Uma Devi, K.
9 (RLIN) 26525
700 ## - ADDED ENTRY--PERSONAL NAME
Personal name Sowbhagya Rani, V.
9 (RLIN) 26526
700 ## - ADDED ENTRY--PERSONAL NAME
Personal name Indira Priyadarsini, G.
9 (RLIN) 26527
942 ## - ADDED ENTRY ELEMENTS (KOHA)
Institution code [OBSOLETE] dpl
Item type English Books
Source of classification or shelving scheme Dewey Decimal Classification
Classification part 344.54014
Call number suffix WOM
Holdings
Withdrawn status Lost status Not for loan Collection code Home library Current library Date acquired Source of acquisition Cost, normal purchase price Full call number Barcode Copy number Cost, replacement price Koha item type
      Non-fiction Central Library Central Library 04/05/2012 Allied Pub/1784/25.1.2012/21/16.1.2012/03.02.2012 980.00 344.54014 WOM B-456487 1 980.00 English Books
    Not For Loan Non-fiction D.B.Act.Division D.B.Act.Division 14/03/2011 DBAD/PUB 980.00 344.54014 WOM EN-85649 1 980.00 English Books
      Non-fiction Janak Puri Janak Puri 04/05/2012 Allied Pub/1784/25.1.2012/21/16.1.2012/03.02.2012 980.00 344.54014 WOM B-456489 1 980.00 English Books
      Non-fiction Karol Bagh Karol Bagh 04/05/2012 Allied Pub/1784/25.1.2012/21/16.1.2012/03.02.2012 980.00 344.54014 WOM B-456492 1 980.00 English Books
      Non-fiction Narela Narela 04/05/2012 Allied Pub/1784/25.1.2012/21/16.1.2012/03.02.2012 980.00 344.54014 WOM B-456493 1 980.00 English Books
      Non-fiction Patel Nagar Patel Nagar 04/05/2012 Allied Pub/1784/25.1.2012/21/16.1.2012/03.02.2012 980.00 344.54014 WOM B-456488 1 980.00 English Books
      Non-fiction Sarojini Nagar Sarojini Nagar 04/05/2012 Allied Pub/1784/25.1.2012/21/16.1.2012/03.02.2012 980.00 344.54014 WOM B-456490 1 980.00 English Books
  Written-off vide DLB M. No. 383 dt 16.05.19   Non-fiction Shahdara Branch Shahdara Branch 04/05/2012 Allied Pub/1784/25.1.2012/21/16.1.2012/03.02.2012 980.00 344.54014 WOM B-456494 1 980.00 English Books
      Non-fiction Vinoba Puri Vinoba Puri 04/05/2012 Allied Pub/1784/25.1.2012/21/16.1.2012/03.02.2012 980.00 344.54014 WOM B-456491 1 980.00 English Books

© Delhi Public Library
Hit Counter
free hit counter